[Event "XXIV Open"]
[Site "Cappelle La Grande FRA"]
[Date "2008.02.18"]
[Round "4"]
[White "Kochetkova,J"]
[Black "Guller,A"]
[Result "1-0"]
[WhiteElo "2314"]
[BlackElo "2096"]
[EventDate "2008.02.16"]

1. e4 c5 2. Nf3 e6 3. d4 cxd4 4. Nxd4 a6 5. Bd3 Nf6 6. O-O d6 7. c4 g6 8.
Nc3 Bg7 9. Nf3 O-O 10. h3 Nfd7 11. Bg5 f6 12. Be3 Nc6 13. Be2 Qe7 14. Qd2
Nde5 15. Rad1 Nf7 16. Na4 b5 17. cxb5 axb5 18. Bxb5 Bb7 19. Nc3 Rfb8 20.
Rfe1 Nb4 21. a3 Na6 22. Bc4 Rc8 23. Ba2 Nc5 24. Nd4 Rd8 25. b4 Rxa3 26. Qb2
Rxc3 27. bxc5 Rxe3 28. fxe3 f5 29. c6 Bc8 30. Qb4 Ng5 31. exf5 Bxd4 32.
Qxd4 gxf5 33. Rf1 d5 34. Qe5 Qa3 35. Bb1 Nf7 36. Qf4 Qc3 37. e4 e5 38. Qh4
Qc5+ 39. Kh1 Qxc6 40. exd5 Rxd5 41. Rxd5 Qxd5 42. Bxf5 Bxf5 43. Rxf5 h6 44.
Qg4+ Kf8 45. Qg6 Qd1+ 46. Kh2 Qd5 47. Qxh6+ Ke8 48. Qf6 Qd7 49. Qxf7+ 1-0

[Event "XXIV Open"]
[Site "Cappelle La Grande FRA"]
[Date "2008.02.18"]
[Round "4"]
[White "Andersen,Mad"]
[Black "Gheng,J"]
[Result "0-1"]
[WhiteElo "2049"]
[BlackElo "2310"]
[EventDate "2008.02.16"]

1. e4 e5 2. Nf3 d6 3. d4 exd4 4. Nxd4 Nf6 5. Nc3 Be7 6. Bf4 O-O 7. Qd2 c6
8. O-O-O a5 9. f3 d5 10. exd5 Nxd5 11. Nxd5 Qxd5 12. Nb3 Qxd2+ 13. Nxd2 Na6
14. Nc4 Be6 15. a3 Nc5 16. Be3 b5 17. Ne5 Rfc8 18. Nd3 Na4 19. Nf4 Bf6 20.
c3 Bb3 21. Rd2 Re8 22. Bf2 b4 23. axb4 axb4 24. Bd3 bxc3 25. bxc3 Bxc3 26.
Re2 Reb8 27. Bc2 Bb2+ 28. Kd2 Rd8+ 29. Nd3 Bc3+ 30. Kc1 Bc4 31. Re3 Nb6 32.
Ne5 Bd2+ 33. Kb1 Ba2+ 34. Kb2 Rdb8 35. Bb3 Bxe3 36. Nxc6 Nc4+ 0-1

[Event "XXIV Open"]
[Site "Cappelle La Grande FRA"]
[Date "2008.02.18"]
[Round "4"]
[White "Kuipers,S"]
[Black "Lilleoren,M"]
[Result "1/2-1/2"]
[WhiteElo "2302"]
[BlackElo "2065"]
[EventDate "2008.02.16"]

1. e4 c5 2. c3 d5 3. exd5 Qxd5 4. d4 g6 5. dxc5 Qxd1+ 6. Kxd1 Nf6 7. Bd3
Bg7 8. Nf3 O-O 9. Bf4 Nbd7 10. c6 Nc5 11. Bb5 a6 12. Be3 Rd8+ 13. Nbd2 Nfe4
14. Be2 Na4 15. Kc1 Naxc3 16. bxc3 Nxc3 17. Bc4 b5 18. Bb3 Bf5 19. Bc2 Ne2+
20. Kd1 Nc3+ 21. Kc1 Ne2+ 22. Kd1 1/2-1/2

[Event "XXIV Open"]
[Site "Cappelle La Grande FRA"]
[Date "2008.02.18"]
[Round "4"]
[White "Petit,Ro"]
[Black "Peric,Sl"]
[Result "1/2-1/2"]
[WhiteElo "1959"]
[BlackElo "2258"]
[EventDate "2008.02.16"]

1. e4 e6 2. d4 d5 3. Nc3 Nc6 4. e5 Nge7 5. Nf3 a6 6. Bd3 Nb4 7. Bd2 c5 8.
dxc5 Ng6 9. a3 Nc6 10. b4 Qc7 11. O-O Be7 12. Be3 O-O 13. Na4 Ngxe5 14. Nb6
Rb8 15. Nxe5 Nxe5 16. c4 dxc4 17. Nxc4 Nxc4 18. Bxc4 Bd7 19. Qb3 Bc6 20.
Rad1 Rbd8 21. Rxd8 Rxd8 22. Rd1 Rxd1+ 23. Qxd1 Qd7 24. Qxd7 Bxd7 25. Kf1
Bf6 26. Bc1 Bb5 27. Bxb5 axb5 28. Ke2 Kf8 29. Kd3 Ke8 30. a4 bxa4 31. b5
Kd8 32. Kc4 Be7 33. Be3 Kd7 34. Bd4 g5 35. g4 f6 36. f3 Kc7 37. h3 Kd7 38.
Be3 Kc7 39. Bd4 Kd7 1/2-1/2

[Event "XXIV Open"]
[Site "Cappelle La Grande FRA"]
[Date "2008.02.18"]
[Round "4"]
[White "Mashinskaya,I"]
[Black "Grall,G"]
[Result "1-0"]
[WhiteElo "2370"]
[BlackElo "1811"]
[EventDate "2008.02.16"]

1. d4 Nf6 2. Nc3 d5 3. Bg5 e6 4. e4 dxe4 5. Nxe4 Be7 6. Bxf6 Bxf6 7. Nf3
O-O 8. c3 b6 9. Bd3 Ba6 10. Nxf6+ Qxf6 11. Be4 c6 12. Ne5 Bb7 13. Qd3 g6
14. h4 Rd8 15. h5 Nd7 16. hxg6 Nxe5 17. dxe5 Qxe5 18. gxf7+ Kf8 19. Qe3 Qb5
20. Rxh7 1-0

[Event "XXIV Open"]
[Site "Cappelle La Grande FRA"]
[Date "2008.02.18"]
[Round "4"]
[White "Robion,J"]
[Black "Bruned,Y"]
[Result "0-1"]
[WhiteElo "1797"]
[BlackElo "2359"]
[EventDate "2008.02.16"]

1. e4 c5 2. Nf3 d6 3. d4 cxd4 4. Nxd4 Nf6 5. Nc3 a6 6. Bg5 e6 7. f4 Qb6 8.
Nb3 Nbd7 9. Qd2 Qc7 10. O-O-O Be7 11. Be2 b5 12. Bf3 Bb7 13. Rhe1 b4 14.
Nd5 exd5 15. exd5 Kf8 16. Nd4 Re8 17. Nf5 h6 18. Bh4 Nc5 19. Qd4 b3 20.
Rxe7 Rxe7 21. Bxf6 gxf6 22. Qxf6 Nd3+ 0-1

[Event "XXIV Open"]
[Site "Cappelle La Grande FRA"]
[Date "2008.02.18"]
[Round "4"]
[White "Logothetis,S"]
[Black "Cepisul,D"]
[Result "1-0"]
[WhiteElo "2312"]
[BlackElo "1800"]
[EventDate "2008.02.16"]

1. Nf3 Nf6 2. c4 d5 3. cxd5 Qxd5 4. Nc3 Qa5 5. d4 c6 6. Bd2 Qd8 7. e4 e6 8.
Bg5 Be7 9. Bd3 h6 10. Bf4 Nbd7 11. O-O O-O 12. Qe2 Re8 13. Rad1 Nf8 14. Bb1
Ng6 15. Be3 Ng4 16. Bc1 Nf6 17. Ne5 Bf8 18. Nxg6 fxg6 19. e5 Nd5 20. Bxg6
Re7 21. Qh5 Rc7 22. Rd3 Bd7 23. Bg5 Qxg5 24. Bf7+ 1-0

[Event "XXIV Open"]
[Site "Cappelle La Grande FRA"]
[Date "2008.02.18"]
[Round "4"]
[White "Houck,V"]
[Black "Saatdjian,S"]
[Result "0-1"]
[WhiteElo "1781"]
[BlackElo "1881"]
[EventDate "2008.02.16"]

1. f4 d5 2. Nf3 c5 3. h3 Nc6 4. e3 g6 5. Bb5 Bg7 6. O-O e6 7. Ne5 Nge7 8.
c3 Bd7 9. Nxd7 Qxd7 10. d4 cxd4 11. cxd4 O-O 12. Nd2 Nf5 13. Qe1 Nd6 14.
Ba4 b5 15. Bd1 Nc4 16. Nb3 Qe7 17. Rb1 a5 18. Nd2 Nxe3 19. Rf3 Nxd1 20.
Qxd1 Nxd4 21. Rd3 Nc6 22. Nf3 Rac8 23. Be3 Nb4 24. Ra3 Nc2 25. Rd3 Nxe3 26.
Rxe3 Qc5 27. Qd2 Qc2 28. Qxc2 Rxc2 29. Ne5 Rfc8 30. g4 Rc1+ 31. Rxc1 Rxc1+
32. Kg2 Rc2+ 33. Kf3 Bxe5 34. Rxe5 Rxb2 0-1

[Event "XXIV Open"]
[Site "Cappelle La Grande FRA"]
[Date "2008.02.18"]
[Round "4"]
[White "Smith,T"]
[Black "Belloc,S"]
[Result "1-0"]
[WhiteElo "1879"]
[BlackElo "1795"]
[EventDate "2008.02.16"]

1. e4 e6 2. d4 d5 3. exd5 exd5 4. c4 Nf6 5. Nc3 Be7 6. Nf3 O-O 7. Bd3 Re8
8. O-O Bg4 9. h3 Bh5 10. Bf4 c6 11. cxd5 cxd5 12. Nb5 Na6 13. Rc1 Rf8 14.
a3 h6 15. Re1 Ne8 16. Qe2 Bd6 17. Nxd6 Nxd6 18. Qe5 Bxf3 19. Qxd6 Qxd6 20.
Bxd6 Rfd8 21. Be7 Be4 22. Bxe4 dxe4 23. Bxd8 Rxd8 24. Rxe4 Kf8 25. b4 1-0

[Event "XXIV Open"]
[Site "Cappelle La Grande FRA"]
[Date "2008.02.18"]
[Round "4"]
[White "Delboe,C"]
[Black "Flour,P"]
[Result "1-0"]
[WhiteElo "1770"]
[BlackElo "1876"]
[EventDate "2008.02.16"]

1. e4 c5 2. Nf3 Nf6 3. Nc3 d5 4. exd5 Nxd5 5. Nxd5 Qxd5 6. d4 Bg4 7. Be2
Nc6 8. dxc5 Qxc5 9. c3 e6 10. Be3 Qh5 11. Qa4 Rd8 12. h3 Bxf3 13. Bxf3 Qe5
14. Bxc6+ bxc6 15. Qxc6+ Rd7 16. Rd1 Bd6 17. g3 Ke7 18. O-O Rb8 19. Bf4 Qc5
20. Qxc5 1-0

[Event "XXIV Open"]
[Site "Cappelle La Grande FRA"]
[Date "2008.02.19"]
[Round "5"]
[White "Luther,T"]
[Black "Kazhgaleyev,M"]
[Result "0-1"]
[WhiteElo "2526"]
[BlackElo "2594"]
[EventDate "2008.02.16"]

1. e4 e5 2. Nf3 Nc6 3. Bb5 a6 4. Ba4 Nf6 5. O-O b5 6. Bb3 Bc5 7. a4 Rb8 8.
c3 d6 9. d4 Bb6 10. a5 Ba7 11. h3 Bb7 12. Re1 O-O 13. Be3 Ra8 14. Nbd2 h6
15. Bc2 Re8 16. d5 Ne7 17. Bxa7 Rxa7 18. b4 Ng6 19. c4 bxc4 20. Nxc4 Nf4
21. Ba4 Rf8 22. b5 axb5 23. Bxb5 Bc8 24. a6 Bd7 25. Na3 Nh7 26. Bf1 f5 27.
exf5 Bxf5 28. Nb5 Ra8 29. Ra4 Bd7 30. Ra3 Kh8 31. Nc3 Nf6 32. Qd2 Qe8 33.
Kh1 Qf7 34. Rd1 Qh5 35. Nh2 c6 36. dxc6 Bxc6 37. f3 d5 38. Bb5 Qe8 39. Bxc6
Qxc6 40. Rda1 N6h5 41. Nf1 e4 42. fxe4 Nxh3 43. gxh3 Rxf1+ 44. Rxf1 Ng3+
45. Kg1 Nxf1 46. Kxf1 Rf8+ 47. Ke2 Qc5 48. Ra2 d4 49. a7 dxc3 50. Qd5 Rf2+
51. Ke1 Qe3+ 52. Kd1 c2+ 0-1

[Event "XXIV Open"]
[Site "Cappelle La Grande FRA"]
[Date "2008.02.19"]
[Round "5"]
[White "Hoolt,S"]
[Black "Deviatkin,A"]
[Result "0-1"]
[WhiteElo "2220"]
[BlackElo "2543"]
[EventDate "2008.02.16"]

1. d4 d5 2. c4 e6 3. Nc3 c5 4. cxd5 exd5 5. Nf3 Nc6 6. Bg5 Be7 7. Bxe7
Ngxe7 8. e3 c4 9. Be2 Rb8 10. O-O b5 11. e4 dxe4 12. Nxe4 O-O 13. a4 a6 14.
b3 cxb3 15. axb5 axb5 16. Nc5 Nd5 17. Qd2 Qd6 18. Rfb1 b4 19. Bc4 Nc3 20.
Rxb3 Bg4 21. Ng5 Nxd4 22. Nge4 Nxe4 23. Nxe4 Qe5 24. Re3 Ne2+ 25. Bxe2
Qxa1+ 26. Bf1 b3 0-1

[Event "XXIV Open"]
[Site "Cappelle La Grande FRA"]
[Date "2008.02.19"]
[Round "5"]
[White "Fedorchuk,S"]
[Black "Reinaldo Castineira,R"]
[Result "1-0"]
[WhiteElo "2652"]
[BlackElo "2473"]
[EventDate "2008.02.16"]

1. e4 e6 2. d4 d5 3. Nd2 Nf6 4. e5 Nfd7 5. Ngf3 c5 6. c3 Nc6 7. Bd3 a5 8.
O-O a4 9. Re1 a3 10. c4 cxd4 11. cxd5 Nc5 12. Bb5 exd5 13. bxa3 Bd7 14. Nb3
Be7 15. Nbxd4 Nxd4 16. Nxd4 Bxb5 17. Nxb5 O-O 18. Rb1 Qd7 19. Be3 Ne6 20.
Nd6 Bxd6 21. Qxd5 Rfd8 22. exd6 Qxd6 23. Qxd6 Rxd6 24. Rxb7 h5 25. Rb3 Nd4
26. Rb2 Rxa3 27. Kf1 Ne6 28. Bd2 Rda6 29. Ra1 R3a4 30. Bc1 Kh7 31. Be3 g5
32. h3 Kg6 33. g3 Ra8 34. Bd2 Nc5 35. Kg2 R8a6 36. Be3 Ne6 37. Kf1 Ra8 38.
Bc1 R8a6 39. Rd2 Nd4 40. Rb1 Nf3 41. Rd3 g4 42. hxg4 hxg4 43. a3 Re4 44.
Be3 Rc6 45. Ke2 Rc2+ 46. Kd1 Ra2 47. Rb6+ Kf5 48. Kc1 Ne5 49. Rc3 Nc4 50.
Rb5+ Ke6 51. Rb4 Ra1+ 52. Kc2 Kd5 53. Rb5+ Ke6 54. Kd3 Rxa3 55. Rxa3 Nxa3
56. Rb3 Ra4 57. Rb6+ Kd5 58. Kc3 Re4 59. Bf4 Nc4 60. Rb5+ Kc6 61. Rf5 Nb6
62. Rxf7 Nd5+ 63. Kd3 Ra4 64. Be5 Kc5 65. Rg7 Rb4 66. Rg6 Ra4 67. Bd6+ Kb5
68. Re6 Ra2 69. Ke4 Kc4 70. Bf4 Re2+ 71. Be3 Nc3+ 72. Kf4 Nd1 73. Kxg4 Kd5
74. Re8 Re1 75. Kf3 Rg1 76. Rd8+ Ke6 77. Bd4 Kf7 78. Ke2 Ke6 79. Bg7 Kf7
80. Be5 1-0

[Event "XXIV Open"]
[Site "Cappelle La Grande FRA"]
[Date "2008.02.19"]
[Round "5"]
[White "Naumkin,I"]
[Black "Vitiugov,N"]
[Result "0-1"]
[WhiteElo "2475"]
[BlackElo "2609"]
[EventDate "2008.02.16"]

1. d4 d5 2. c4 e6 3. Nf3 Nf6 4. Bg5 h6 5. Bxf6 Qxf6 6. Nc3 c6 7. e3 Nd7 8.
Bd3 dxc4 9. Bxc4 g6 10. O-O Bg7 11. e4 O-O 12. e5 Qe7 13. Qe2 Rb8 14. a4 b6
15. Rfe1 Bb7 16. Rad1 Rfd8 17. h4 Qb4 18. h5 g5 19. Ne4 b5 20. Ba2 bxa4 21.
Bb1 Qe7 22. Qc2 c5 23. Nexg5 cxd4 24. Qh7+ Kf8 25. Rxd4 Nxe5 26. Nxe5 hxg5
27. Rxa4 Bxe5 28. Rxe5 Rd1+ 29. Kh2 Qf6 30. Re2 Bc6 31. Rg4 Rxb2 32. Rxb2
Qxb2 33. Bc2 Rc1 34. Qh6+ Qg7 35. Qxg7+ Kxg7 36. Ba4 f5 37. Rxg5+ Kh6 38.
Rg6+ Kxh5 39. Rxe6 Bxa4 40. Ra6 Bc6 41. Rxa7 Kg4 42. f3+ Kf4 43. Re7 Rc2
44. Kg1 Bb5 45. Rb7 Bd3 46. Re7 Bc4 47. Rc7 Rc1+ 48. Kh2 Rc3 49. Rc5 Rc2
50. Rc7 Kg5 51. Kg1 Bd3 52. Ra7 Rc1+ 53. Kh2 Kf4 54. Re7 Rc6 55. Kg1 Rb6
56. Kh2 Rg6 57. Ra7 Bf1 58. Ra2 Ke3 59. g4 f4 60. Kg1 Bd3 61. Kg2 Rc6 62.
Ra3 Rc2+ 63. Kg1 Rd2 0-1

[Event "XXIV Open"]
[Site "Cappelle La Grande FRA"]
[Date "2008.02.19"]
[Round "5"]
[White "Tunik,G"]
[Black "Malakhatko,V"]
[Result "0-1"]
[WhiteElo "2473"]
[BlackElo "2600"]
[EventDate "2008.02.16"]

1. d4 d5 2. c4 c6 3. Nf3 Nf6 4. e3 Bf5 5. Nc3 e6 6. Nh4 Bg6 7. Be2 Nbd7 8.
O-O Be7 9. g3 Qc7 10. Nxg6 hxg6 11. Bd2 dxc4 12. Bxc4 e5 13. Re1 Rd8 14.
Bf1 O-O 15. Bg2 exd4 16. exd4 Nb6 17. Bf4 Bd6 18. Bg5 Bc5 19. Ne2 Bb4 20.
Rf1 Rfe8 21. Qc2 Qd7 22. Bf3 Be7 23. Rad1 Nfd5 24. Bc1 Bf6 25. a3 Nc7 26.
Nc3 Ne6 27. Bg4 Bxd4 28. Ne2 f5 29. Be3 c5 30. Bf3 Qf7 31. Nxd4 cxd4 32.
Bc1 Rd7 33. Be2 Rc8 34. Qb3 Nc5 35. Qb4 d3 36. Bf3 Nd5 37. Qh4 Nf6 38. Qb4
Nce4 39. Be3 Nd5 40. Qa4 Nxe3 41. fxe3 Nc5 42. Qxa7 Qe6 43. Qa5 Qxe3+ 44.
Kg2 Ne4 0-1

[Event "XXIV Open"]
[Site "Cappelle La Grande FRA"]
[Date "2008.02.19"]
[Round "5"]
[White "Oleksienko,M"]
[Black "Babaev,Ra"]
[Result "1-0"]
[WhiteElo "2590"]
[BlackElo "2468"]
[EventDate "2008.02.16"]

1. e4 c5 2. Nf3 d6 3. d4 cxd4 4. Nxd4 Nf6 5. Nc3 Nc6 6. f3 e5 7. Nb3 Be7 8.
Be3 O-O 9. Qd2 a5 10. Bb5 Na7 11. Bd3 Be6 12. Rd1 Nc8 13. O-O Nb6 14. Qf2
Nc4 15. Bxc4 Bxc4 16. Rfe1 Nd7 17. Nd5 a4 18. Nxe7+ Qxe7 19. Nc1 Rfd8 20.
Qd2 d5 21. exd5 Qd6 22. f4 Nf6 23. fxe5 Qxe5 24. Bb6 Qxb2 25. Bxd8 Rxd8 26.
d6 h6 27. Qd4 Qb5 28. Re5 Qa6 29. Qc5 b5 30. a3 Rc8 31. Qd4 Be6 32. Rc5 Rd8
33. h3 Ne8 34. Qe5 Nxd6 35. Rxb5 Rd7 36. Rb4 Kh7 37. Re1 Nc4 38. Qe4+ g6
39. Nd3 Nxa3 40. Ne5 Bf5 41. Rxa4 Qd6 42. Qf4 Rc7 43. Ra8 Qc5+ 44. Kh1 Nxc2
45. Rh8+ Kxh8 46. Qxh6+ Kg8 47. Ng4 f6 48. Re8+ Kf7 49. Qh8 1-0

[Event "XXIV Open"]
[Site "Cappelle La Grande FRA"]
[Date "2008.02.19"]
[Round "5"]
[White "Arutinian,D"]
[Black "Nabaty,T"]
[Result "1-0"]
[WhiteElo "2576"]
[BlackElo "2417"]
[EventDate "2008.02.16"]

1. d4 Nf6 2. c4 c5 3. d5 e6 4. Nf3 d6 5. h3 exd5 6. cxd5 a6 7. e4 g6 8. Bd3
Bg7 9. O-O O-O 10. a4 Nbd7 11. Nc3 Nh5 12. Bg5 Bf6 13. Be3 Re8 14. Nd2 Bd4
15. Re1 Ne5 16. Bf1 Qh4 17. Nf3 Nxf3+ 18. Qxf3 Bxc3 19. bxc3 Qxe4 20. Bd2
1-0

[Event "XXIV Open"]
[Site "Cappelle La Grande FRA"]
[Date "2008.02.19"]
[Round "5"]
[White "Vavrak,P"]
[Black "Vovk,Y"]
[Result "1-0"]
[WhiteElo "2472"]
[BlackElo "2561"]
[EventDate "2008.02.16"]

1. d4 Nf6 2. c4 e6 3. Nf3 b6 4. g3 Ba6 5. Qc2 Bb7 6. Bg2 c5 7. d5 exd5 8.
cxd5 Nxd5 9. O-O Be7 10. Ne5 Qc7 11. Qe4 Bc6 12. Nxc6 dxc6 13. Nc3 Nxc3 14.
bxc3 O-O 15. Bf4 Bd6 16. Bxd6 Qxd6 17. Rfd1 Qf6 18. Rd3 a6 19. Rad1 Ra7 20.
Rd6 Qe7 21. Qd3 Rc7 22. e4 Rcc8 23. f4 f6 24. Bh3 Rce8 25. Be6+ Kh8 26. h4
g6 27. Kg2 Qg7 28. g4 Re7 29. Kh3 Qh6 30. Qg3 g5 31. f5 gxh4 32. Qxh4 Qe3+
33. Qg3 Qxe4 34. Re1 Rxe6 35. fxe6 Qg6 36. e7 1-0

[Event "XXIV Open"]
[Site "Cappelle La Grande FRA"]
[Date "2008.02.19"]
[Round "5"]
[White "Buchal,S"]
[Black "Degraeve,JM"]
[Result "0-1"]
[WhiteElo "2296"]
[BlackElo "2535"]
[EventDate "2008.02.16"]

1. e4 c5 2. Nf3 g6 3. c3 d5 4. exd5 Qxd5 5. d4 Bg7 6. Be3 cxd4 7. cxd4 Nh6
8. Nc3 Qd8 9. Bc4 O-O 10. Bxh6 Bxh6 11. h4 Bg4 12. h5 Kg7 13. d5 Qb6 14.
Rh4 Bxf3 15. Qxf3 Nd7 16. Bb3 Nc5 17. Na4 Qa5+ 18. Kf1 Bg5 19. Rg4 Bf6 20.
Nxc5 Qxc5 21. Qe2 b5 22. Qd2 a5 23. Rc1 Qd6 24. Rg3 Qe5 25. Bd1 b4 26. b3
Rac8 27. Rc4 Rxc4 28. bxc4 Rc8 29. hxg6 hxg6 30. Rh3 Rxc4 31. Qh6+ Kg8 32.
Bb3 Qa1+ 33. Ke2 Qb2+ 34. Qd2 Re4+ 35. Re3 Qxd2+ 36. Kxd2 Bg5 37. Kd3 Bxe3
38. Kxe4 Bxf2 39. Kd3 Kg7 40. Kc4 Bg3 41. Kb5 Bc7 42. Kc6 Bd6 43. Kb6 Kf6
44. Kxa5 Ke5 45. Kb5 Kf4 46. Kc4 Kg3 47. Ba4 f5 48. Be8 g5 49. Bg6 f4 50.
Be4 g4 51. Kd3 Kf2 52. Bf5 f3 53. gxf3 g3 0-1

[Event "XXIV Open"]
[Site "Cappelle La Grande FRA"]
[Date "2008.02.19"]
[Round "5"]
[White "Dubois,JM"]
[Black "Abbasov,F"]
[Result "0-1"]
[WhiteElo "2280"]
[BlackElo "2519"]
[EventDate "2008.02.16"]

1. e4 c5 2. d4 cxd4 3. c3 dxc3 4. Nxc3 Nc6 5. Nf3 e6 6. Bc4 a6 7. O-O b5 8.
Bb3 Bb7 9. Qe2 Nge7 10. Bg5 f6 11. Be3 Na5 12. Bc2 Ng6 13. Rad1 Nc4 14. Bc1
Rc8 15. Nd4 Qb6 16. Kh1 Bb4 17. f4 Nxb2 18. Bxb2 Bxc3 19. Bxc3 Rxc3 20. f5
Ne5 21. Qh5+ Ke7 22. Bb3 Rd3 23. Rxd3 Nxd3 24. fxe6 Qxd4 25. Qf7+ Kd8 26.
e7+ Kc7 0-1

[Event "XXIV Open"]
[Site "Cappelle La Grande FRA"]
[Date "2008.02.19"]
[Round "5"]
[White "Boric,E"]
[Black "Ulibin,M"]
[Result "0-1"]
[WhiteElo "2274"]
[BlackElo "2518"]
[EventDate "2008.02.16"]

1. d4 e6 2. e4 d5 3. Nc3 Bb4 4. exd5 exd5 5. Bd3 Nc6 6. Nge2 Nge7 7. O-O
Bf5 8. Bf4 Bxc3 9. bxc3 O-O 10. c4 dxc4 11. Bxc4 Nd5 12. Bxd5 Qxd5 13. Bxc7
Rac8 14. Bg3 Ne7 15. c3 Qc4 16. Bd6 Rfe8 17. Re1 Nd5 18. Qd2 h6 19. Rac1
Bd7 20. Bg3 Re6 21. Nf4 Rxe1+ 22. Qxe1 Nxc3 23. Rc2 Bf5 24. Rd2 Ne4 25. Rd1
Qxa2 26. d5 Re8 27. h3 Qa4 28. Qf1 Qd7 29. Qc4 Rc8 30. Qd4 a5 31. Nh5 f6
32. Bf4 Bg6 33. d6 Bxh5 34. Qd5+ Qf7 35. Qxe4 Bxd1 36. Qf5 Rd8 37. Qxa5 Rd7
38. Qa8+ Kh7 39. Qa5 Bc2 0-1

[Event "XXIV Open"]
[Site "Cappelle La Grande FRA"]
[Date "2008.02.19"]
[Round "5"]
[White "Zinchenko,Ya"]
[Black "Schuurman,P"]
[Result "1-0"]
[WhiteElo "2516"]
[BlackElo "2271"]
[EventDate "2008.02.16"]

1. e4 c6 2. d4 d5 3. e5 Bf5 4. Nf3 e6 5. Be2 Nd7 6. O-O Bg6 7. Nbd2 Nh6 8.
c3 Nf5 9. Ne1 c5 10. Ndf3 Be7 11. Nd3 cxd4 12. cxd4 Qb6 13. Nf4 O-O 14. g3
Rac8 15. h4 Nh6 16. Nxg6 fxg6 17. a4 a5 18. Kg2 Nb8 19. h5 Nc6 20. hxg6
hxg6 21. Bxh6 gxh6 22. Qd2 Kg7 23. Rh1 Rh8 24. Bb5 Rcf8 25. Rad1 Qd8 26.
Ng1 Bb4 27. Qe2 Ne7 28. Nh3 Nf5 29. Nf4 Qe7 30. Qg4 Qf7 31. Bd7 h5 32. Rxh5
Rxh5 33. Nxh5+ 1-0

[Event "XXIV Open"]
[Site "Cappelle La Grande FRA"]
[Date "2008.02.19"]
[Round "5"]
[White "Kravtsiv,M"]
[Black "Maisuradze,N"]
[Result "1-0"]
[WhiteElo "2516"]
[BlackElo "2270"]
[EventDate "2008.02.16"]

1. e4 c5 2. Nf3 Nc6 3. d4 cxd4 4. Nxd4 e5 5. Nb5 d6 6. c4 Be7 7. N1c3 a6 8.
Na3 f5 9. exf5 Bxf5 10. Bd3 Be6 11. O-O Nf6 12. Nc2 O-O 13. Be3 Kh8 14. b3
Qe8 15. Ne4 d5 16. Nxf6 Bxf6 17. cxd5 Bxd5 18. Bc5 Ne7 19. Ne3 Bc6 20. Rc1
e4 21. Bc4 Rd8 22. Qe2 Qg6 23. a4 Rfe8 24. Bb6 Rd6 25. Rfd1 Be5 26. Ng4 Bf4
27. Rxd6 Bxd6 28. Ne3 Nf5 29. Rd1 Nh4 30. Qg4 Qxg4 31. Nxg4 Bb4 32. Nh6 Rf8
33. Nf7+ Kg8 34. Ne5+ Kh8 35. Nxc6 bxc6 36. Bxa6 Nf5 37. Bb7 Ne7 38. Rd8
Nd5 39. Rxf8+ Bxf8 40. Ba7 Nb4 41. a5 1-0

[Event "XXIV Open"]
[Site "Cappelle La Grande FRA"]
[Date "2008.02.19"]
[Round "5"]
[White "Renet,O"]
[Black "Wege,J"]
[Result "1-0"]
[WhiteElo "2513"]
[BlackElo "2261"]
[EventDate "2008.02.16"]

1. d4 Nf6 2. Nf3 c5 3. d5 b5 4. c4 Bb7 5. Qc2 bxc4 6. e4 e6 7. Bxc4 exd5 8.
exd5 d6 9. O-O Be7 10. Qb3 Qc7 11. Re1 O-O 12. Bg5 h6 13. Bh4 g5 14. Nxg5
hxg5 15. Bxg5 Ne4 16. Bxe7 Qxe7 17. f3 f5 18. fxe4 f4 19. Nd2 Ba6 20. e5
Bxc4 21. Nxc4 f3 22. gxf3 Nd7 23. exd6 Qh4 24. Re4 Qh5 25. Rg4+ Kh8 26.
Qc3+ Nf6 27. Re1 Qxd5 28. Kg2 Rf7 29. Re5 1-0

[Event "XXIV Open"]
[Site "Cappelle La Grande FRA"]
[Date "2008.02.19"]
[Round "5"]
[White "Panarin,M"]
[Black "Rogule,L"]
[Result "1-0"]
[WhiteElo "2511"]
[BlackElo "2241"]
[EventDate "2008.02.16"]

1. e4 c5 2. Nf3 d6 3. d4 cxd4 4. Nxd4 Nf6 5. Nc3 a6 6. Be2 e5 7. Nb3 Be7 8.
O-O O-O 9. Kh1 b6 10. Be3 Bb7 11. f3 Nbd7 12. a4 Qc7 13. Rf2 Rad8 14. Bf1
Nc5 15. Rd2 h6 16. Nc1 Rd7 17. N1a2 Rfd8 18. Nb4 a5 19. Nbd5 Nxd5 20. Nxd5
Bxd5 21. Rxd5 Bg5 22. Bf2 Ne6 23. g3 Rc8 24. c3 Be7 25. Qc2 Qb7 26. Rad1
Rdd8 27. Qb3 Nc5 28. Qb5 Rb8 29. Bc4 Rdc8 30. R5d2 Nxe4 31. Bd5 Nxf2+ 32.
Rxf2 Qc7 33. f4 Bf6 34. Rdf1 Qe7 35. Qd3 Re8 36. fxe5 Qxe5 37. Rxf6 gxf6
38. Qg6+ Kh8 39. Qxh6+ Kg8 40. c4 Re7 41. Rxf6 Qe1+ 42. Kg2 Qe2+ 43. Kh3
1-0

[Event "XXIV Open"]
[Site "Cappelle La Grande FRA"]
[Date "2008.02.19"]
[Round "5"]
[White "Lyell,M"]
[Black "Edouard,R"]
[Result "0-1"]
[WhiteElo "2221"]
[BlackElo "2507"]
[EventDate "2008.02.16"]

1. e4 c5 2. c3 d5 3. exd5 Qxd5 4. d4 Nf6 5. Nf3 e6 6. Na3 Qd8 7. Nc2 Be7 8.
Bd3 O-O 9. O-O Qc7 10. Qe2 Nbd7 11. Bg5 b6 12. d5 Nxd5 13. Bxe7 Nxe7 14.
Qe4 Nf6 15. Qxa8 Nc6 16. Ne3 Bb7 17. Qxf8+ Kxf8 18. Rad1 Ne7 19. Be2 Ng6
20. Ne1 Nf4 21. Bf3 g5 22. Bxb7 Qxb7 23. Nd3 Qe4 24. Ne1 g4 25. Rd2 N6d5
26. N1c2 Nxe3 27. Nxe3 h5 28. Re1 h4 29. f3 gxf3 30. Rf2 fxg2 31. Nxg2 Nh3+
32. Kf1 Qd3+ 0-1

[Event "XXIV Open"]
[Site "Cappelle La Grande FRA"]
[Date "2008.02.19"]
[Round "5"]
[White "Igla,B"]
[Black "Khruschiov,A"]
[Result "0-1"]
[WhiteElo "2270"]
[BlackElo "2504"]
[EventDate "2008.02.16"]

1. d4 d6 2. c4 e5 3. Nc3 exd4 4. Qxd4 Nf6 5. Bg5 Be7 6. e4 O-O 7. Nf3 Re8
8. Be2 h6 9. Bf4 Nc6 10. Qd3 Nd7 11. Be3 Bf6 12. O-O Bxc3 13. bxc3 b6 14.
Nd2 Ba6 15. f4 Na5 16. Bd4 f6 17. Rad1 Qe7 18. Qg3 Rad8 19. Rfe1 Qf7 20.
Qh4 Nxc4 21. Nxc4 Bxc4 22. Bh5 g6 23. Bg4 Kh7 24. Bxd7 Rxd7 25. Bxf6 Bxa2
26. Bg5 h5 27. Rd2 Bb3 28. Rf2 d5 29. e5 Qf5 30. h3 Kg8 31. Bf6 Rh7 32.
Rfe2 Bc2 33. e6 Be4 34. e7 Rf7 35. Bg5 Qd7 36. Rxe4 dxe4 37. Rxe4 Rf5 38.
Qe1 Kf7 39. Qf1 a5 40. Re1 Rc5 41. Qf3 Qc6 42. Qf2 Rxc3 43. f5 Rc2 44.
fxg6+ Kxg6 45. Bd2 Qc5 46. Re3 Rxd2 47. Qg3+ Kh7 0-1

[Event "XXIV Open"]
[Site "Cappelle La Grande FRA"]
[Date "2008.02.19"]
[Round "5"]
[White "Li Shilong"]
[Black "Dragun,K"]
[Result "1-0"]
[WhiteElo "2502"]
[BlackElo "2171"]
[EventDate "2008.02.16"]

1. d4 Nf6 2. Nf3 g6 3. c4 c5 4. Nc3 Bg7 5. d5 d6 6. g3 O-O 7. Bg2 e6 8. O-O
exd5 9. cxd5 a6 10. a4 Re8 11. h3 Nbd7 12. Nd2 Rb8 13. Nc4 Ne5 14. Na3 b5
15. axb5 axb5 16. Naxb5 Qb6 17. Kh2 Re7 18. f4 Nc4 19. Qa4 Ne3 20. Bxe3
Rxe3 21. Qa5 Ne8 22. Qxb6 Rxb6 23. Ra8 Bb7 24. Rb8 Bxc3 25. Nxc3 Kg7 26.
Ra1 Re7 27. Ra2 Nc7 28. Ra7 Na6 29. Rd8 c4 30. Kg1 Rxb2 31. Rxd6 Re3 32.
Nd1 Rb1 33. Rxb7 Rxd1+ 34. Kf2 Ra3 35. Rdd7 Nc5 36. Rxf7+ Kg8 37. Rg7+ Kf8
38. Rbf7+ Ke8 39. Rc7 Nd3+ 40. exd3 Ra2+ 41. Kf3 Rxd3+ 42. Kg4 1-0

[Event "XXIV Open"]
[Site "Cappelle La Grande FRA"]
[Date "2008.02.19"]
[Round "5"]
[White "Papp,Ga"]
[Black "Kooshani,M"]
[Result "1-0"]
[WhiteElo "2484"]
[BlackElo "2098"]
[EventDate "2008.02.16"]

1. e4 e5 2. Nf3 Nc6 3. Bb5 a6 4. Ba4 Nf6 5. O-O Be7 6. Re1 b5 7. Bb3 d6 8.
c3 Na5 9. Bc2 c5 10. d4 Qc7 11. Nbd2 Bg4 12. d5 O-O 13. h3 Bxf3 14. Qxf3
Rfe8 15. g4 Nd7 16. Nf1 Nf8 17. Ng3 Ng6 18. Nf5 Nh4 19. Qg3 Nxf5 20. exf5
f6 21. h4 Kh8 22. g5 Nc4 23. Be4 Bf8 24. Kh2 Qf7 25. Rg1 Be7 26. Qf3 Nb6
27. Rg3 Nd7 28. Be3 Qf8 29. g6 Qg8 30. Rag1 Bf8 31. gxh7 Qxh7 32. h5 Re7
33. Rg6 Nb6 34. R1g3 Nc4 35. Bc1 Rf7 36. Rh3 Raa7 37. b3 Nb6 38. h6 gxh6
39. Bxh6 Bxh6 40. Rgxh6 Qxh6 41. Rxh6+ Rh7 42. Rxh7+ Rxh7+ 43. Kg1 Kg8 44.
Kf1 Nd7 45. a4 Nb6 46. axb5 axb5 47. Bd3 c4 48. bxc4 bxc4 49. Bxc4 Kf7 50.
Bb5 1-0